Метрологическое сопровождение комплексов компании ЭлеСи; Inech; № 12

Dades bibliogràfiques
Parent link:Inech: Журнал интеллектуальных технологий.— .— [Б. м.]: [Б. и.], 2009
№ 12.— 2009.— С. 52-56
Autor principal: Боев А. С. Артем Сергеевич
Sumari:В фонде НТБ ТПУ отсутствует
Idioma:rus
Publicat: 2009
Matèries:
Format: MixedMaterials Capítol de llibre
KOHA link:https://koha.lib.tpu.ru/cgi-bin/koha/opac-detail.pl?biblionumber=602836

MARC

LEADER 00000naa0a2200000 4500
001 602836
005 20250425144938.0
035 |a (RuTPU)RU\TPU\tpu\29708 
035 |a RU\TPU\tpu\29707 
090 |a 602836 
100 |a 20200616d2009 k y0rusy50 ca 
101 0 |a rus 
102 |a RU 
200 1 |a Метрологическое сопровождение комплексов компании ЭлеСи  |f А. С. Боев 
333 |a В фонде НТБ ТПУ отсутствует 
461 |t Inech  |o Журнал интеллектуальных технологий  |c [Б. м.]  |n [Б. и.]  |d 2009 
463 |t № 12  |v С. 52-56  |d 2009 
610 1 |a труды учёных ТПУ 
700 1 |a Боев  |b А. С.  |c химик  |c директор Инженерной школы природных ресурсов Томского политехнического университета, кандидат химических наук  |f 1981-  |g Артем Сергеевич  |4 070  |9 20921 
801 0 |a RU  |b 63413507  |c 20011210  |g PSBO 
801 2 |a RU  |b 63413507  |c 20231017  |g PSBO 
850 |a 63413507 
942 |c CR